Suculentas. Guía práctica para enterderlas y disfrutarlas.

Guardat en:
Dades bibliogràfiques
Autor principal: Nemi, Alejandro Ariel (autor)
Format: Desconegut
Publicat: Buenos Aires, Argentina: Albatros, 2022.
Edició:Pimera edición. Tercera reimpresión.
Col·lecció:Jardinería Práctica ;
Matèries:
Etiquetes: Afegir etiqueta
Sense etiquetes, Sigues el primer a etiquetar aquest registre!

MARC

LEADER 00000 a2200000 4500
003 CL-VaPUC
005 20250310082336.0
008 250310t2022 ||||| |||| 00| 0 eng d
999 |c 445634  |d 445632 
020 |a 978-950-24-1675-5 
040 |c Pontificia Universidad Católica de Valparaíso 
082 7 |a 635.9525 NEM 2022  |2 22 
100 |a Nemi, Alejandro Ariel  |9 893657  |e autor 
245 |a Suculentas.   |b Guía práctica para enterderlas y disfrutarlas.  
250 |a Pimera edición. Tercera reimpresión. 
260 |a Buenos Aires, Argentina:  |b Albatros,   |c 2022. 
300 |a 156 páginas:  |b ilustraciones.  
490 |a Jardinería Práctica ;  |n 1. 
583 |k GC  |c 20250310 
650 |a Suculetas   |x Cultivo  |9 896428 
942 |n 1  |2 ddc  |c BK 
952 |0 0  |1 0  |2 ddc  |4 0  |6 635_952500000000000_NEM_2022  |7 0  |8 A  |9 600786  |a BIBAGR  |b BIBAGR  |d 2025-03-10  |e 3  |g 30593.00  |i 5665543  |o 635.9525 NEM 2022  |p 5665543  |r 2025-03-10  |t 1  |v 30593.00  |w 2025-03-10  |y BK  |k AGR